Effective personnel management /
Enregistré dans:
| Auteur principal: | |
|---|---|
| Autres auteurs: | |
| Format: | Livre |
| Publié: |
St. Paul :
West Pub. Co.,
c1986.
|
| Édition: | 2nd ed. |
| Sujets: | |
| Tags: |
Ajouter un tag
Pas de tags, Soyez le premier à ajouter un tag!
|
MARC
| LEADER | 00000pam a2200000 a 4500 | ||
|---|---|---|---|
| 020 | |a 0314935096 |c NA | ||
| 040 | |a MUL |b eng |e AACR | ||
| 082 | 0 | 0 | |a 658.3 SCH |
| 100 | 1 | |a Schuler, Randall S. | |
| 245 | 1 | 0 | |a Effective personnel management / |c Randall S. Schuler and Stuart A. Youngblood. |
| 250 | |a 2nd ed. | ||
| 260 | |a St. Paul : |b West Pub. Co., |c c1986. | ||
| 300 | |a xxviii, 636, [35] p. : |b ill. (some col.) ; |c 26 cm. | ||
| 504 | |a Includes bibliographies and index. | ||
| 546 | |a eng. | ||
| 650 | 0 | |a Personnel management. | |
| 700 | 1 | |a Youngblood, Stuart A. | |
| 942 | |c BK | ||
| 999 | |c 4857 |d 4857 | ||